Top 5 Capitales del Mundo mas adivinadas por continente - Estadísticas

Estadísticas generales
  • Esta prueba ha sido intentada 264 veces
  • La puntuación promedio es 23 de 30
Estadísticas de respuestas
% Correcto
Europe 94% Madrid España
98%
Europe 94% Paris Francia
96%
Europe 92% Roma Italia
96%
Europe 95% Berlin Alemania
95%
South America 88% Brasilia Brasil
95%
South America 89% Buenos Aires Argentina
95%
South America 82% Lima Peru
94%
Europe 90% Londres Reino Unido
94%
Asia 84% Pekin China
94%
North America 84% Washington D.C. Estados Unidos
94%
Asia 82% Tokio Japon
92%
South America 81% Caracas Venezuela
91%
South America 84% Santiago Chile
91%
North America 75% Ottawa Canada
86%
Africa 71% El Cairo Egipto
82%
North America 80% La Habana Cuba
79%
North America 82% Mexico Mexico
75%
Asia 74% Seúl Corea del Sur
75%
Oceania 67% Canberra Australia
74%
North America 73% Ciudad de Panamá Panamá
71%
Africa 51% Rabat Marruecos
69%
Oceania 48% Wellington Nueva Zelanda
69%
Africa 49% Pretoria, Ciudad del Cabo or Bloemfontein Sudafrica
67%
Africa 58% Argel Argelia
60%
Asia 70% Nueva Delhi India
60%
Africa 43% Túnez Túnez
54%
Asia 66% Ankara Turquia
49%
Oceania 23% Suva Fiyi
37%
Oceania 23% Port Moresby Papua Nueva Guinea
32%
Oceania 20% Apia Samoa
29%
No se encontraron pruebas coincidentes
Distribución de puntuación
Porcentaje de gente con cada puntuación
Porcentaje por número respondido
Historial de tus puntuaciones
No has intentado esta prueba.